000 00292nam a22001097a 4500
999 _c8092
_d8093
008 190708b ||||| |||| 00| 0 eng d
245 _aAnnual Report 2017 ;
_bThe world bank.
260 _aWashington, D.C. :
_bWorld Bank,
_c2017.
300 _a80 p.
_c28 cm.
650 _aworld bank
942 _2ddc